01157nam a2200289 i 4500003000900000005001700009007000300026008004100029040003000070082002400100110005700124245006100181246007000242260005700312300006000369336002700429337003400456338002800490590002700518650006900545650003500614710005700649910000700706942001400713952012300727999001700850DO-SdBNP20230419102906.0ta220802e200? dr aobagry||| 00| 0 spa d aDO-SdBNPbspacBNPHUerda 4a361.7632bF981v222 aFundación Falcondo (República Dominicana)98328300a25 años de innovación y compromiso con el desarrollo aVeinticinco años de innovación y compromiso con el desarrollo aSanto Domingo :bFundación Falcondo,c[ sin fecha] a125 paginas :bilustraciones., fotografías. ;c28 cm. 2rdaconten.atextobtxt 2rdamediaasin mediación bn 2rdacarrieravolumenbnc aInventariado 2022 / MF 4aOrganizaciones sin fines de lucrozRepública Dominicana983284 4aFundaciones benéficas9832852 aFundación Falcondo (República Dominicana)982142 aDG 2ddccLBS1 00102ddc51708PDaBNPHUbBNPHUcCTd2023-04-19l0oBNPHU PD 361.7632 F981vp2023-1445r2023-04-19w2023-04-19yLBS1 c53307d53307